000 00850nam a22001937a 4500
005 20250221121450.0
010 _aHIN-129474
020 _c2725.00
_a9789354429354
035 _aHN-101820
037 _bDBAD
082 _201
_a954.33
100 _aगणेश एन देवी
_978427
245 _aकेरल और लक्षद्वीप की भाषाएँ
_bभारतीय भाषा लोक सवेंक्षण
_cगणेश एन देवी
250 _aप्रथम
260 _aहैदराबाद
_bओरियंट ब्लॉकस्वान प्रा .लि .
270 _a3-6-752 हिमायत नगर
_bहैदराबाद
_e500029
300 _a300 पृ.
_c25 सेमी (अजिल्द )
942 _2ddc
_cHN
_h954.33
_kगणेश
999 _c209612
_d209612